Un teatro sin teatro (Record no. 29370)

MARC details
000 -LEADER
fixed length control field 00809nam a22001937a 4500
005 - DATE AND TIME OF LATEST TRANSACTION
control field 20150124123236.0
008 - FIXED-LENGTH DATA ELEMENTS--GENERAL INFORMATION
fixed length control field 120223t sp||||| |||| 00| 0 spa d
020 ## - INTERNATIONAL STANDARD BOOK NUMBER
International Standard Book Number 9788489771482
050 04 - LIBRARY OF CONGRESS CALL NUMBER
Classification number PN1707
Item number T43 2007
245 03 - TITLE STATEMENT
Title Un teatro sin teatro
Statement of responsibility, etc / Fundaçâo de Arte Moderna e Contemporânea-Colecçâo Berardo, Museu Colecçao Berardo de Arte Moderna e Contemporânea
260 ## - PUBLICATION, DISTRIBUTION, ETC. (IMPRINT)
Place of publication, distribution, etc España :
Name of publisher, distributor, etc MACBA,
Date of publication, distribution, etc 2007
300 ## - PHYSICAL DESCRIPTION
Extent 355 p. :
Other physical details il. ;
Dimensions 27 cm.
500 ## - GENERAL NOTE
General note Incluye Lista de Obras
504 ## - BIBLIOGRAPHY, ETC. NOTE
Bibliography, etc Incluye índice y glosario
650 #7 - SUBJECT ADDED ENTRY--TOPICAL TERM
Source of heading or term LEMB.
Topical term or geographic name as entry element Literatura-historia y crítica
Topical term following geographic name as entry element Teatro
General subdivision Crítica literaria
710 2# - ADDED ENTRY--CORPORATE NAME
Corporate name or jurisdiction name as entry element Fundaçâo de Arte Moderna e Contemporânea-Colecçâo Berardo
Location of meeting España
710 2# - ADDED ENTRY--CORPORATE NAME
Corporate name or jurisdiction name as entry element Museu Colecçao Berardo de Arte Moderna e Contemporânea
Location of meeting Portugal
942 ## - ADDED ENTRY ELEMENTS (KOHA)
Source of classification or shelving scheme Clasificación Decimal Dewey
Koha item type Libro
Holdings
Estado de pérdida Fuente de clasificación Estado del daño No para préstamo Ubicación permanente Ubicación actual Apartado o colección Fecha de adquisición Clasificación Código de Barras Date last seen Número de copia Tipo de recurso Nota pública
  Biblioteca del Cogreso de los Estados Unidos     Biblioteca de la Facultad de Bellas Artes Biblioteca de la Facultad de Bellas Artes General 23/02/2012 PN1707 T43 2007 BBA000001395 16/01/2015 C : 1 Libro General